000 00884 a2200241 4500
005 20210204151333.0
008 140610s2011 ck ad fr|||| 00| 0 spa d
020 _a9589595268
040 _aCO-BoUCM
_bspa
_cDeissy Garcia (modificó)
_dJose A. Gerena
041 0 _aspa
060 _aWS 16
100 1 _aVelásquez Gaviria, Óscar Jaime
_953254
245 1 0 _aPediadatos
_btablas, fórmulas y valores normales de pediatría
_cÓscar Jaime Velásquez Gaviria
250 _a3a. Ed.
260 _c2011
_aMedellín (Colombia)
_bGrupo editorial Legis
_bHealth Book's
300 _a778 páginas
_bilustraciones, cuadros gráficas
504 _aIncluye referencias bibliográficas
650 7 _912103
_aCrecimiento humano
650 7 _912971
_aDesarrollo infantil
650 7 _921221
_aPediatría
690 _aPediatría
_921221
942 _a15
_cLIBRO
_e2
_mV434p
_2NLM
_hWS 16
_n0
999 _c273508
_d273508